লোডিং...

Civil procedure

গ্রন্থ-পঞ্জীর বিবরন
প্রধান লেখক: Thakker, C. K.
ভাষা:English
প্রকাশিত: Lucknow Eastern book company 1994
সংস্করন:3rd ed.
বিষয়গুলি:
LEADER 00459nam a22001817a 4500
003 OSt
008 090617t xxu||||| |||| 00| 0 eng d
020 |a 81-7012-528-6 
080 |a 347.9  |b THA'94 
100 |a Thakker, C. K.  |9 3908 
245 |a Civil procedure  |c Thakker, M. C. 
250 |a 3rd ed. 
260 |a Lucknow  |b Eastern book company  |c 1994 
300 |a 464p. 
600 |a Takwani C. K.  |9 3909 
653 |a Civil procedure 
942 |c BK  |6 _ 
999 |c 121893  |d 121893